| 000 | 00597nam a2200157 4500 | ||
|---|---|---|---|
| 008 | 010828s1868 us engYA | ||
| 090 |
_aBS491.2 _bJ24co |
||
| 100 | 1 | _aJamieson, Robert | |
| 245 | 1 | 0 |
_aA commentary, critical , experimental, and practical on the Old and New Testaments / _cby Robert Jamieson, A. R. Fausset, and David Brown. |
| 260 |
_aPhiladelphia : _bJ. B. Lippincott, _cc1868. |
||
| 300 |
_a6 volumes : _bill., col. maps. |
||
| 650 | 4 | _aBible4xCommentaries. | |
| 700 | 1 | _aBrown, David | |
| 700 | 1 | _aFausset, A. R. | |
| 951 |
_p5561 _oBS491.2/J24co-V _j070613110953078 _d2000-12-21 _cREF |
||
| 999 |
_c3499 _d3499 |
||